LEADER 01209nam a2200301 a 4500 001 000000125425 003 CaOOAMICUS 005 20110526161336.0 008 110524s2010 it u000 u ita r 020 $a978-88-215-6687-5 040 $aPUL$bita 082 04$a248.8 100 1 $aCamisasca, Massimo.$0(OLS)http://pul/name/26401 245 10$aPadre :$bci saranno ancora sacerdoti nel futuro della chiesa? /$cMassimo Camisasca. 260 $aCinisello Balsamo :$bSan Paolo,$c2010. 300 $a215 p. ;$c22 cm 504 $aContiene riferimenti bibliografici e indice. 650 14$aSacerdozio.$0(OLS)http://pul/subject/211 850 $aPUL 852 $aPUL$W1$xSL Religione 3$y85$m248. 8 CAMMA 1$j144512$qDDC 21$B143540$CPULBib$Z2$F143540 $H116867 $82 941 1 $a9 960 $aOrdine sacro$9211 960 $aOrdine sacro$9211 996 $6020$a978-88-215-6687-5$9(OLS)http://pul/number/147331 996 $6082$a248.8$9(OLS)http://pul/classification/686 996 $6245$aPadre :$bci saranno ancora sacerdoti nel futuro della chiesa?$9(OLS)http://pul/title/158223 996 $6260$aCinisello Balsamo :$bSan Paolo$9(OLS)http://pul/publisher/54577 LEADER 00864nam a2200229 a 4500 001 000000151343 003 CaOOAMICUS 005 20160418160424.0 008 160418s1917 it 000 u ita r 032 $aLibriCat 040 $aPUL$bita 100 1 $aAcri, Francesco,$d1834-1913.$0(OLS)http://pul/name/24828 245 10$aDialettica serena /$cFrancesco Acri. 260 $aRocca S. Casciano :$bL. Cappelli,$c1917. 300 $aVII, 237p. ;$c20 cm. 650 4$aDialettica.$0(OLS)http://pul/subject/5070 850 $aPUL 852 $aPUL$W1$xDP1 Cons. Gen., Altre Classi 1$y22$m921 D 27$j173795$qStampati$B176233$CPULBib$Z2$F176233 $H11683 $81 941 1 $a8 996 $6245$aDialettica serena$9(OLS)http://pul/title/190578 996 $6260$aRocca S. Casciano :$bL. Cappelli$9(OLS)http://pul/publisher/77426